000 00379nam a2200145Ia 4500
008 150201s2010 xx 000 0 und d
082 _a617.6342
_bI2010S
100 _aSIKRI, VIMAL
245 _aINDIRECT RESTORATIONS
250 _a1ST
260 _bQUINTESSENCE PUBLICATION
_aDELHI
_c2010
300 _a1-238
650 _aCONSERVATIVE DENTISTRY & ENDODONTICS
942 _2ddc
_cBK
999 _c4596
_d4596